000 00587nam a22001937a 4500
005 20251108164702.0
008 250721s1998 xx 000 0 ara d
082 1 4 _a811.909563/طاو
100 1 _aالطاووس، محمد إبراهيم
245 1 0 _aكلمات الإيقاع في شعر السياب /
264 1 _aالقاهرة :
_bمكتبة زهراء الشرق،
_c1998.
300 _a269ص
650 1 7 _aالشعر العربي
650 1 7 _aالنقد الأدبي
650 1 7 _aعلم العروض
650 1 7 _aالعراق
942 _2ddc
_cBK
999 _c11810
_d11810